| 000 | 01617cam a22004097a 4500 | ||
|---|---|---|---|
| 003 | CHAP | ||
| 005 | 20251127090245.0 | ||
| 008 | 971013s1993 r 00010 d | ||
| 010 | _a71468 | ||
| 011 | _a72440 | ||
| 035 | _a81995 | ||
| 040 | _cCHAP | ||
| 082 |
_a630.726 _bC5 |
||
| 100 | 0 | 0 |
_aCisneros Solano, Víctor Manuel. _923465 |
| 245 | 0 | _aCaracterización de la agricultura de la zona central de Veracruz | |
| 260 |
_aChapingo, Méx. : _bUACH. Dirección de Centros Regionales Universitarios, _c1993 |
||
| 300 | _a339 p. | ||
| 590 |
_aBATCH-UPD _b10 _c20130110 _lUCH01 _h1039 |
||
| 590 |
_aBATCH-UPD _b10 _c20130410 _lUCH01 _h0639 |
||
| 590 |
_aBATCH-UPD _b10 _c20130914 _lUCH01 _h0010 |
||
| 590 |
_aBATCH-UPD _b10 _c20130914 _lUCH01 _h1651 |
||
| 590 |
_aCONVERSION _b10 _c20130109 _lUCH01 _h1339 |
||
| 650 | 1 | 4 |
_aAgricultura _xAspectos económicos _xVeracruz. _91304 |
| 650 | 1 | 4 |
_aAgricultura _zVeracruz. _91941 |
| 650 | 1 | 4 |
_aGanadería _zVeracruz. _944870 |
| 650 | 1 | 4 |
_aProductos forestales _xVeracruz. _992111 |
| 700 | 1 |
_aDíaz Cárdenas, Salvador _933418 |
|
| 700 | 0 |
_aMartínez Pérez, Dámaso. _972386 |
|
| 901 | _aBK | ||
| 942 | _cLIBRO | ||
| 949 |
_a630.726 C5 _bBC _cLIBRO _d33724000609731 _eLIBRO _fc.2 _h86687 _i81995 _si |
||
| 949 |
_a630.726 C5 _bBC _cLIBRO _d33724000612917 _eLIBRO _fc.3 _h86688 _i81995 _si |
||
| 949 |
_a630.726 C5 _bBC _cLIBRO _d33724000642229 _eLIBRO _fc.4 _h86689 _i81995 _si |
||
| 949 |
_a630.726 C5 _bBC _cLIBRO _d33724000642260 _eLIBRO _h86686 _i81995 _si |
||
| 949 |
_a630.726 C5 _bBC _cUACH _d-35795 _eUACH _fc.5 _h86690 _i81995 _si |
||
| 949 |
_a630.726 C5 _bCIESTAM _cLIBRO _d819951 _eLIBRO _h138 _i81995 _sb |
||
| 999 |
_c71468 _d71468 |
||